Nintendo Franchises - Sudden Death - Statistics

General Stats
  • This quiz has been taken 1,175 times
    990 since last reset
  • The average score is 9 of 16
Answers on the Grid
Answers color-coded by a green-red scale on the quiz's grid according to % correct below.
Super Mario
Kirby
Spyro
Crash Bandicoot
Animal Crossing
Halo
Metroid
Star Fox
Donkey Kong
Earthbound
Fire Emblem
F-Zero
Zelda
Sonic
Pikmin
Punch-Out!!
Splatoon
Kid Icarus
Game & Watch
Ratchet & Clank
Jak and Daxter
Minecraft
Pokémon
Mega Man
Pac-Man
Call of Duty
Among Us
Castlevania
 
Answer Stats
Answer % Correct
Kirby
71%
Super Mario
70%
Zelda
70%
Donkey Kong
68%
Animal Crossing
64%
Pokémon
64%
Pikmin
60%
Metroid
59%
Splatoon
59%
Star Fox
58%
Kid Icarus
54%
Fire Emblem
53%
F-Zero
51%
Game & Watch
51%
Punch-Out!!
51%
Earthbound
47%
No matching quizzes found
Score Distribution
Percent of People with Each Score
Percentile by Number Answered
Your Score History
You have not taken this quiz since the last reset